Estudio histórico-topográfico de El Ingenioso Hidalgo Don Quixote de la Mancha (Record no. 2566)
[ view plain ]
| 000 -CABECERA | |
|---|---|
| campo de control de longitud fija | 02773nam a2200289 a 4500 |
| 001 - NÚMERO DE CONTROL | |
| campo de control | BRCA_2826 |
| 005 - FECHA Y HORA DE LA ÚLTIMA TRANSACCIÓN | |
| campo de control | 20190320204003.0 |
| 008 - DATOS DE LONGITUD FIJA--INFORMACIÓN GENERAL | |
| campo de control de longitud fija | 091208s1916----sp-#---###---#000-0#spa-u |
| 041 ## - CÓDIGO DE LENGUA | |
| Código de lengua del texto/banda sonora o título independiente | spa |
| 044 ## - CÓDIGO DEL PAÍS DE LA ENTIDAD EDITORA/PRODUCTORA | |
| Código MARC del país | sp |
| 084 ## - OTRO NÚMERO DE CLASIFICACIÓN | |
| Número de clasificación | 262 |
| Número de documento/Ítem | .E87 |
| -- | 1916 |
| 100 1# - ENTRADA PRINCIPAL--NOMBRE DE PERSONA | |
| Nombre de persona | Cervantes Saavedra, Miguel de |
| Fechas asociadas al nombre | 1547-1616 |
| 9 (RLIN) | 213 |
| 245 10 - MENCIÓN DE TÍTULO | |
| Título | Estudio histórico-topográfico de El Ingenioso Hidalgo Don Quixote de la Mancha |
| Resto del título | deducido de su lectura, y aplicando las leyendas de importantes sucesos y las consejas populares de la ´Región Beturiana´, con conocimiento exacto del terreno que describió Cervantes, donde la tradición conserva los nombres que justifican los pasajes más culminantes de esta fantástica obra |
| Mención de responsabilidad, etc. | Miguel de Cervantes Saavedra. |
| 260 ## - PUBLICACIÓN, DISTRIBUCIÓN, ETC. | |
| Lugar de publicación, distribución, etc. | Madrid |
| Nombre del editor, distribuidor, etc. | Imprenta Española |
| Fecha de publicación, distribución, etc. | 1916 |
| 300 ## - DESCRIPCIÓN FÍSICA | |
| Extensión | 2 v. |
| Dimensiones | 24 cm. |
| 500 ## - NOTA GENERAL | |
| Nota general | Contenido : v 1. Primera parte. Advertencia al lector por Francisco de la Jara. Retrato de Cervantes por el mismo comentador. Prisión real de Cervantes. La Mancha. Vindicación de Beturia. Críticas y correcciones al libro. Preliminares íntegras de la edición Príncipe. Texto. -- v 2. Segunda parte. El Buscapié. Aviso por Hamete. Aprobaciones y prólogo de la obra de A. de Castro. Deducciones. Advertencia del comentador. Preliminares íntegras de la edición príncipe. Añadida de un capítulo por el comentador. Texto |
| 500 ## - NOTA GENERAL | |
| Nota general | Publicó esta edición Juan Francisco de la Jara y Sánchez de Molina, para restablecer el texto primitivo, tal y como salió de la pluma de su autor, y desembarazado, por tanto, de las alteraciones introducidas en él por anotadores cervantinos. Así lo afirma. Pero adopta por modelo el texto de la edición de 1608, o sea, la tercera de Cuesta, modernizando su ortografía; pone al frente del tomo segundo el Buscapié de Castro, que sostiene estar escrito por Cervantes sin aducir razones para probar su aserto, imposibles por otra parte, de encontrar, pues la crítica ha fallado ya terminantemente este ruidoso pleito, declarando ser apócrifa esa obra atribuida al genio alcalaíno; todo lo cual resulta disparatado incurriendo en el mismo error que fustiga y dando a muchos pasajes interpretaciones que, por descabelladas recuerdan las más estrafalarias y pintorescas del esoterismo agudo. Semitela; lomeras decoradas con filetes dorados Lúdovik Osterc |
| 500 ## - NOTA GENERAL | |
| Nota general | QMB36 |
| 650 14 - PUNTO DE ACCESO ADICIONAL DE MATERIA--TÉRMINO DE MATERIA | |
| Término de materia o nombre geográfico como elemento de entrada | Novela española |
| Subdivisión cronológica | Época clásica, 1500-1700 |
| 9 (RLIN) | 215 |
| 650 14 - PUNTO DE ACCESO ADICIONAL DE MATERIA--TÉRMINO DE MATERIA | |
| Término de materia o nombre geográfico como elemento de entrada | Literatura española |
| Subdivisión cronológica | Época clásica, 1500-1700 |
| 9 (RLIN) | 216 |
| 650 14 - PUNTO DE ACCESO ADICIONAL DE MATERIA--TÉRMINO DE MATERIA | |
| Término de materia o nombre geográfico como elemento de entrada | Novela española |
| Subdivisión cronológica | Siglo XVII |
| 9 (RLIN) | 217 |
| 650 14 - PUNTO DE ACCESO ADICIONAL DE MATERIA--TÉRMINO DE MATERIA | |
| Término de materia o nombre geográfico como elemento de entrada | Don Quijote (Personaje ficticio) |
| Término indicativo de función/relación | Novela |
| 9 (RLIN) | 218 |
| 700 1# - PUNTO DE ACCESO ADICIONAL--NOMBRE DE PERSONA | |
| Nombre de persona | Jara y Sánchez de Molina, Juan Francisco de la |
| Término indicativo de función/relación | Anotador |
| 9 (RLIN) | 7925 |
| 740 0# - PUNTO DE ACCESO ADICIONAL--TÍTULO RELACIONADO O ANALÍTICO NO CONTROLADO | |
| Título relacionado o analítico no controlado | El Ingenioso Hidalgo Don Quijote de la Mancha |
| 902 ## - CATALOGADOR | |
| Iniciales | QFM |
| 942 ## - ELEMENTOS DE PUNTO DE ACCESO ADICIONAL (KOHA) | |
| Fuente del sistema de clasificación o colocación | Library of Congress Classification |
| Tipo de ítem Koha | Libros |
| Estado de retiro | Estado de pérdida | Estado dañado | No para préstamo | Localización permanente | Ubicación/localización actual | Fecha de adquisición | Número de inventario | Total de préstamos | Signatura topográfica completa | Código de barras | Fecha visto por última vez | Precio válido a partir de | Tipo de ítem Koha |
|---|---|---|---|---|---|---|---|---|---|---|---|---|---|
| El ejemplar forma parte de la colección y puede ser consultado según las políticas vigentes. | Biblioteca del Museo Franz Mayer (Rogerio Casas-Alatriste) | Biblioteca del Museo Franz Mayer (Rogerio Casas-Alatriste) | 09/12/2008 | QMB36 | 262 .E87 1916 (QMB36) | 2823 | 22/03/2019 | 22/03/2019 | Libros |